Japanese verbs - English to Japanese - Statistics

General Stats
  • This quiz has been taken 19 times
  • The average score is 4 of 17
Answer Stats
Verb Answer % Correct
to read よむ
70%
to buy かう
60%
to sell うる
60%
to make つくる
50%
to know しる
40%
to take off きる
40%
to use つかう
30%
to wash あらう
30%
to think おもう
20%
to work はたらく
20%
to look みる
10%
to throw away すてる
10%
to hang ほす
0%
to fold たたむ
0%
to wipe ふく
0%
to wear みがく
0%
to polish ぬぐ
0%
No matching quizzes found
Score Distribution
Percent of People with Each Score
Percentile by Number Answered
Your Score History
You have not taken this quiz